A short course in calculus with applications

Gorde:
Xehetasun bibliografikoak
Egile Nagusiak: Campbell, Hugh G (Egilea), Spencer, Robert E (Egilea)
Formatua: Liburua
Hizkuntza:ingelesa
Argitaratua: Nueva York Macmillan 1975
Gaiak:
Etiketak: Etiketa erantsi
Etiketarik gabe, Izan zaitez lehena erregistro honi etiketa jartzen!

MARC

LEADER 00000nam a2200000 a 4500
001 UCP2963
003 CL-VaPUC
008 990604e19750000US |||||||||||||||||eng|d
082 0 4 |a 515.2  |b CAM  |2 21 
100 0 |a Campbell, Hugh G  |e author  |9 430001 
700 0 |a Spencer, Robert E  |e author  |9 430002 
245 1 2 |a A short course in calculus with applications 
300 |a 328 p 
942 |c BK 
945 |d 19990604 00:00:00  |a crobeson 
260 |a Nueva York  |b Macmillan  |c 1975 
650 0 |a Cálculo  |9 260234 
650 0 |a Números reales   |9 270334 
650 0 |a Funciones exponenciales   |9 360716 
650 0 |a Funciones logarítmicas  |9 358858 
650 0 |a Funciones analíticas  |9 270036 
650 0 |a Análisis complejo   |9 260214 
650 0 |a Números complejos  |9 270335 
583 |a last modification  |c 19990604 00:00:00  |k Rodrigo Vera 
999 |c 281419  |d 281417 
952 |0 0  |1 0  |4 0  |6 515_200000000000000_CAM_1975  |7 0  |8 A  |9 322152  |a BIBMAT  |b BIBMAT  |d 2019-11-20  |i 1346598  |o 515.2 CAM 1975  |p 1346598  |r 2025-01-07  |w 2019-11-20  |y BK  |k MAT 
952 |0 0  |1 0  |4 0  |6 515_200000000000000_CAM_1975  |7 0  |8 A  |9 322153  |a BIBMAT  |b BIBMAT  |d 2019-11-20  |i 1346601  |o 515.2 CAM 1975  |p 1346601  |r 2025-01-07  |w 2019-11-20  |y BK  |k MAT